Tous les adversaires de l'OL en coupe d'Europe - Statistiques

Statistiques générales
  • Ce quiz a été pris 241 fois
    39 depuis la dernière actualisation
  • Le résultat moyen est 80 sur 152
Statistiques - réponses
Saison Compétition Tour Club Score(s) % Correct
2024/2025 Ligue Europa 1/4 Manchester United 2-2 et 4-5
100%
2000/2001 Ligue des Champions 2ème phase de groupes Bayern Munich 3-0 et 0-1
97%
2003/2004 Ligue des Champions Phase de groupes Bayern Munich 1-1 et 2-1
97%
2008/2009 Ligue des Champions Phase de groupes Bayern Munich 2-3 et 1-1
97%
2009/2010 Ligue des Champions 1/2 Bayern Munich 0-3 et 0-1
97%
2019/2020 Ligue des Champions 1/2 Bayern Munich 0-3
97%
2018/2019 Ligue des Champions Phase de groupes Manchester City 2-2 et 2-1
97%
2019/2020 Ligue des Champions 1/4 Manchester City 3-1
97%
2004/2005 Ligue des Champions Phase de groupes Manchester United 2-2 et 1-2
97%
2007/2008 Ligue des Champions 1/8 Manchester United 1-1 et 0-1
90%
2005/2006 Ligue des Champions Phase de groupes Real Madrid 3-0 et 1-1
90%
2006/2007 Ligue des Champions Phase de groupes Real Madrid 2-0 et 2-2
90%
2009/2010 Ligue des Champions 1/8 Real Madrid 1-0 et 1-1
90%
2010/2011 Ligue des Champions 1/8 Real Madrid 1-1 et 0-3
90%
2011/2012 Ligue des Champions Phase de groupes Real Madrid 0-2 et 0-4
90%
2005/2006 Ligue des Champions 1/4 AC Milan 0-0 et 1-3
87%
2001/2002 Ligue des Champions Phase de groupes FC Barcelone 2-3 et 0-2
87%
2007/2008 Ligue des Champions Phase de groupes FC Barcelone 2-2 et 0-3
87%
2008/2009 Ligue des Champions 1/8 FC Barcelone 1-1 et 2-5
87%
2018/2019 Ligue des Champions 1/8 FC Barcelone 0-0 et 1-5
87%
1964/1965 Coupe des coupes 1er tour FC Porto 0-1 et 0-3
87%
2003/2004 Ligue des Champions 1/4 FC Porto 2-2 et 0-2
87%
2021/2022 Ligue Europa 1/8 FC Porto 1-1 et 1-0
87%
2013/2014 Ligue Europa 1/4 Juventus 0-1 et 1-2
87%
2016/2017 Ligue des Champions Phase de groupes Juventus 0-1 et 1-1
87%
2019/2020 Ligue des Champions 1/8 Juventus 1-0 et 1-2
87%
2011/2012 Ligue des Champions Phase de groupes Ajax Amsterdam 0-0 et 0-0
84%
2016/2017 Ligue Europa 1/2 Ajax Amsterdam 3-1 et 1-4
84%
2002/2003 Ligue des Champions Phase de groupes Ajax Amstersam 0-2 et 1-2
84%
2000/2001 Ligue des Champions 2ème phase de groupes Arsenal 0-1 et 1-1
84%
2010/2011 Ligue des Champions Phase de groupes Benfica 2-0 et 3-4
84%
2019/2020 Ligue des Champions Phase de groupes Benfica 3-1 et 1-2
84%
1958/1960 Coupe des villes de foires 1/8 Inter Milan 1-1 et 0-7
84%
1997/1998 Coupe UEFA 1/16 Inter Milan 1-3 et 2-1
84%
2002/2003 Ligue des Champions Phase de groupes Inter Milan 3-3 et 2-1
84%
2004/2005 Ligue des Champions 1/4 PSV Eindhoven 1-1 et 1-1
81%
2005/2006 Ligue des Champions 1/8 PSV Eindhoven 4-0 et 1-0
81%
2016/2017 Ligue Europa 1/4 Besiktas 2-1 et 1-2
77%
2024/2025 Ligue Europa Phase de ligue Besiktas 0-1
77%
2009/2010 Ligue des Champions 1/4 Girondins de Bordeaux 3-1 et 0-1
77%
1995/1996 Coupe UEFA 1/16 Lazio Rome 2-1 et 2-0
77%
2009/2010 Ligue des Champions Phase de groupes Liverpool 1-1 et 2-1
77%
2024/2025 Ligue Europa Phase de ligue Rangers 4-1
77%
2007/2008 Ligue des Champions Phase de groupes Rangers FC 0-3 et 3-0
77%
2021/2022 Ligue Europa Phase de groupes Rangers FC 1-1 et 2-0
77%
2000/2001 Ligue des Champions 1ère phase de groupes Valence 1-2 et 0-1
77%
2015/2016 Ligue des Champions Phase de groupes Valence CF 0-1 et 2-0
77%
2021/2022 Ligue Europa 1/4 West Ham 1-1 et 0-3
77%
2016/2017 Ligue Europa 1/8 AS Rome 4-2 et 1-2
74%
2006/2007 Ligue des Champions 1/8 AS Rome 0-2 et 0-0
71%
1963/1964 Coupe des coupes 1/2 Sporting Portugal 0-0, 1-1, 0-1
71%
1999/2000 Coupe UEFA 2ème tour Celtic FC 1-0 et 1-0
68%
2003/2004 Ligue des Champions Phase de groupes Celtic FC 3-2 et 0-2
68%
2017/2018 Ligue Europa 1/8 CSKA Moscou 2-3 et 1-0
68%
2024/2025 Ligue Europa Phase de ligue Eintracht Francfort 3-2
68%
2001/2002 Ligue des Champions Phase de groupes Fenerbahçe 3-1 et 1-0
68%
2004/2005 Ligue des Champions Phase de groupes Fenerbahçe 4-2 et 3-1
68%
2024/2025 Ligue Europa Phase de ligue Fenerbahçe 0-0
68%
2016/2017 Ligue des Champions Phase de groupes Séville 0-0 et 0-1
68%
2008/2009 Ligue des Champions Phase de groupes Fiorentina 2-2 et 2-1
65%
2009/2010 Ligue des Champions Phase de groupes Fiorentina 1-0 et 0-1
65%
1963/1964 Coupe des coupes 1/8 Olympiakos 4-1 et 1-2
65%
2000/2001 Ligue des Champions 1ère phase de groupes Olympiakos 1-0 et 1-2
65%
2005/2006 Ligue des Champions Phase de groupes Olympiakos 2-1 et 4-1
65%
2024/2025 Ligue Europa Phase de ligue Olympiakos 2-0
65%
2004/2005 Ligue des Champions Phase de groupes Sparta Prague 5-0 et 2-1
65%
2012/2013 Ligue Europa Phase de groupes Sparta Prague 2-1 et 1-1
65%
2021/2022 Ligue Europa Phase de groupes Sparta Prague 3-0 et 4-3
65%
2011/2012 Ligue des Champions Phase de groupes Dinamo Zagreb 2-0 et 7-1
61%
2016/2017 Ligue des Champions Phase de groupes Dinamo Zagreb 3-0 et 1-0
61%
2024/2025 Ligue Europa 1/8 FCSB 4-0 et 3-1
61%
2003/2004 Ligue des Champions 1/8 Real Sociedad 1-0 et 1-0
61%
2013/2014 Ligue des Champions Barrages Real Sociedad 0-2 et 0-2
61%
1967/1968 Coupe des coupes 1/8 Tottenham 1-0 et 3-4
61%
2012/2013 Ligue Europa 1/16 Tottenham 1-1 et 1-2
61%
2019/2020 Ligue des Champions Phase de groupes Zénith Saint-Pétersbourg 1-1 et 0-2
61%
2015/2016 Ligue des Champions Phase de groupes Zénth Saint-Pétersbourg 0-2 et 1-3
61%
2003/2004 Ligue des Champions Phase de groupes Anderlecht 1-0 et 0-1
58%
2009/2010 Ligue des Champions Barrages Anderlecht 5-1 et 3-1
58%
2018/2019 Ligue des Champions Phase de groupes Hoffenheim 2-2 et 3-3
58%
2024/2025 Ligue Europa Phase de ligue Hoffenheim 2-2
58%
2012/2013 Ligue Europa Phase de groupes Athletic Bilbao 2-1 et 3-2
55%
2013/2014 Ligue Europa Phase de groupes Bétis Séville 1-0 et 0-0
55%
1998/1999 Coupe UEFA 1/8 FC Bruges 1-0 et 4-3
55%
2001/2002 Coupe UEFA 1/16 FC Bruges 3-0 et 1-4
55%
2015/2016 Ligue des Champions Phase de groupes La Gantoise 1-2 et 1-1
55%
2011/2012 Ligue des Champions 1/8 APOEL Nicosie 1-0 et 0-1
52%
2017/2018 Ligue Europa Phase de groupes Everton 3-0 et 2-1
52%
2006/2007 Ligue des Champions Phase de groupes Steaua Bucarest 1-1 et 3-0
52%
2008/2009 Ligue des Champions Phase de groupes Steaua Bucarest 2-0 et 5-3
52%
1999/2000 Coupe UEFA 1/16 Werder Brême 3-0 et 0-4
52%
2004/2005 Ligue des Champions 1/8 Werder Brême 7-2 et 3-0
52%
2019/2020 Ligue des Champions Phase de groupes RB Leipzig 2-2 et 2-0
48%
2010/2011 Ligue des Champions Phase de groupes Schalke 04 1-0 et 0-3
45%
2001/2002 Ligue des Champions Phase de groupes Bayer Leverkusen 0-1 et 4-2
42%
2006/2007 Ligue des Champions Phase de groupes Dynamo Kiev 1-0 et 3-0
42%
2017/2018 Ligue Europa 1/16 Villarreal CF 3-1 et 1-0
42%
2016/2017 Ligue Europa 1/16 AZ Alkmaar 7-1 et 4-1
39%
2017/2018 Ligue Europa Phase de groupes Atalanta Bergame 1-1 et 0-1
35%
1998/1999 Coupe UEFA 1/16 Etoile Rouge de Belgrade 3-2 et 2-1
35%
2007/2008 Ligue des Champions Phase de groupes VfB Stuttgart 4-2 et 2-0
35%
1997 Coupe Intertoto Phase de groupes Rapid Bucarest 2-1
32%
2011/2012 Ligue des Champions Barrages Rubin Kazan 3-1 et 1-1
32%
2000/2001 Ligue des Champions 2ème phase de groupes Spartak Moscou 3-0 et 1-1
32%
1975/1976 Coupe UEFA 1/32 FC Bruges 4-3 et 0-3
29%
1963/1964 Coupe des coupes 1/4 Hambourg SV 2-0 et 1-1
29%
1967/1968 Coupe des coupes 1/4 Hambourg SV 2-0, 0-2, 0-2
29%
2024/2025 Ligue Europa Phase de ligue Ludogorets 1-1
29%
1973/1974 Coupe des coupes 1/8 PAOK 3-3 et 0-4
29%
2014/2015 Ligue Europa Barrages Astra Giurgiu 1-2 et 1-0
26%
1997 Coupe Intertoto Phase de groupes Austria Vienne 2-0
26%
1997/1998 Coupe UEFA 1/32 Brondby 4-1 et 3-2
26%
2021/2022 Ligue Europa Phase de groupes Brondby 3-0 et 3-1
26%
2024/2025 Ligue Europa Phase de ligue Qarabag 4-1
26%
2002/2003 Ligue des Champions Phase de groupes Rosenborg 5-0 et 1-1
26%
2005/2006 Ligue des Champions Phase de groupes Rosenborg 2-1 et 1-0
26%
2018/2019 Ligue des Champions Phase de groupes Chakhtar Donetsk 2-2 et 1-1
23%
1960/1961 Coupe des villes de foires 1/8 FC Cologne 1-3 et 2-1
23%
1998/1999 Coupe UEFA 1/4 Bologne 2-0 et 0-3
19%
1995/1996 Coupe UEFA 1/8 Nottingham Forest 0-0 et 0-1
19%
2013/2014 Ligue Europa Phase de groupes Vitoria Guimaraes 1-1 et 2-1
19%
1974/1975 Coupe UEFA 1/16 Borussia Mönchengladbach 2-5 et 0-1
16%
2009/2010 Ligue des Champions Phase de groupes Debrecen 4-0 et 4-0
16%
2010/2011 Ligue des Champions Phase de groupes Hapoël Tel-Aviv 2-2 et 3-1
16%
1999/2000 Ligue des Champions 3ème tour Maribor 0-1 et 0-2
16%
1991/1992 Coupe UEFA 1/16 Trabzonspor 3-4 et 1-4
16%
2013/2014 Ligue Europa 1/8 Viktoria Plzen 4-1 et 1-2
16%
2013/2014 Ligue des Champions 3ème tour qualificatif Grasshopper Zurich 1-0 et 1-0
13%
2000/2001 Ligue des Champions 3ème tour Inter Bratislava 2-1 et 2-1
13%
2017/2018 Ligue Europa Phase de groupes Apollon Limassol 4-0 et 1-1
10%
2013/2014 Ligue Europa Phase de groupes Rijeka 1-0 et 1-1
10%
2013/2014 Ligue Europa 1/16 Tchernomorets Odessa 1-0 et 0-0
10%
2002/2003 Coupe UEFA 1/16 Denizlispor 0-1 et 0-0
6%
2014/2015 Ligue Europa 3ème tour qualificatif Mlada Boleslav 2-1 et 4-1
6%
1974/1975 Coupe UEFA 1/32 Red Boys Differdange 7-0 et 4-1
6%
2001/2002 Coupe UEFA 1/8 Slovan Liberec 1-1 et 1-4
6%
1968/1969 Coupe des villes de foires 1er tour Academica de Coimbra 1-0 et 0-1
3%
1967/1968 Coupe des coupes 1er tour Aris Bonnevoie 2-1 et 3-0
3%
1963/1964 Coupe des coupes 1er tour B 1913 Odense 3-1 et 3-1
3%
1998/1999 Coupe UEFA 1/32 Blackburn Rovers 2-2 et 1-0
3%
1995/1996 Coupe UEFA 1/32 Farense 1-0 et 1-0
3%
2012/2013 Ligue Europa Phase de groupes Hapoël Ironi Kiryat Shmona 2-0 et 4-3
3%
1999/2000 Coupe UEFA 1er tour HJK Helsinki 5-1 et 1-0
3%
1997 Coupe Intertoto 1/2 Istanbulspor 2-0 et 1-2
3%
1973/1974 Coupe des coupes 1er tour Lahti 2-0 et 0-0
3%
1997 Coupe Intertoto Finale Montpellier 3-2 et 1-0
3%
1997 Coupe Intertoto Phase de groupes MSK Zilina 5-0
3%
1997 Coupe Intertoto Phase de groupes Odra Wodzislaw 5-2
3%
1961/1962 Coupe des villes de foires 1er tour Sheffield Wednesday 4-2 et 2-5
3%
2000/2001 Ligue des Champions 1ère phase de groupes Heerenveen 3-1 et 2-0
0%
1991/1992 Coupe UEFA 1/32 Osters 1-0 et 1-1
0%
1968/1969 Coupe des villes de foires 2ème tour Vitoria Setubal 1-2 et 0-5
0%
Aucun quiz correspondant
Distribution des résultats
% des personnes avec chaque résultat
Percentile par nombre de réponses
Votre historique - résultats
Vous n’avez pas pris ce quiz depuis la dernière actualisation